¿Conspiración española? 1787-1789: contribución al estudio de las primeras relaciones históricas entre España y los Estados Unidos de Norteamérica
Uloženo v:
| Hlavní autoři: | , |
|---|---|
| Médium: | Kniha |
| Jazyk: | španělština |
| Vydáno: |
Zaragoza, España
Institución Fernando el Católico
1949
|
| Edice: | Sección de Estudios Americanos,
1 |
| Témata: | |
| Tagy: |
Přidat tag
Žádné tagy, Buďte první, kdo vytvoří štítek k tomuto záznamu!
|
MARC
| LEADER | 00000nam a2200000 a 4500 | ||
|---|---|---|---|
| 001 | UCO1149 | ||
| 003 | CL-VaPUC | ||
| 005 | 20220721132218.0 | ||
| 008 | 000512e19490000SP |||||||||||||||||spa|d | ||
| 999 | |c 287778 |d 287776 | ||
| 040 | |c Pontificia Universidad Católica de Valparaíso | ||
| 082 | 0 | 4 | |a 973.3 NAV 1949 |2 21 |
| 100 | |a Navarro Latorre, José |e autor |9 443007 | ||
| 245 | 1 | 1 | |a ¿Conspiración española? 1787-1789: |b contribución al estudio de las primeras relaciones históricas entre España y los Estados Unidos de Norteamérica |
| 260 | |a Zaragoza, España |b Institución Fernando el Católico |c 1949 | ||
| 300 | |a 361 páginas | ||
| 490 | 0 | |a Sección de Estudios Americanos, |v 1 | |
| 583 | |a last modification |c 20000512 00:00:00 |k Rodrigo Vera | ||
| 650 | 0 | |a Relaciones Internacionales |y 1787-1789 |z ESPAÑA |z ESTADOS UNIDOS |9 255740 | |
| 700 | 0 | |a Solano Costa, Fernando |e author |9 443008 | |
| 852 | |a BIBCUR | ||
| 942 | |c BK |2 ddc | ||
| 945 | |d 20000512 00:00:00 |a crobeson | ||
| 952 | |0 0 |1 0 |2 ddc |4 0 |6 973_300000000000000_NAV_1949 |7 0 |8 X |9 334815 |a BIBHIS |b BIBHIS |d 2019-11-20 |i 1274147 |o 973.3 NAV 1949 |p 1274147 |r 2024-01-30 |t 1 |w 2019-11-20 |y BK_X |k HIS | ||